000
00354nam a22001217a 4500
040
_c
HS
082
_a
307
100
_a
NA
245
_a
លិខិតបទដ្ឋានច្បាប់ពាក់ព័ន្ឌនឹងសហគមន៍ព្រៃឈើនៅកម្ពុជា
260
_a
Cambodia
_b
NA
_c
NA
300
_a
38p;
942
_c
KB
999
_c
9270
_d
9270